| 000 | 01047nam a2200241Ia 4500 | ||
|---|---|---|---|
| 999 |
_c41516 _d41516 |
||
| 001 | 8183 | ||
| 003 | GE_BSU | ||
| 005 | 20240403160625.0 | ||
| 008 | 181216s2009||||ge |||||||||||||| ||geo|| | ||
| 020 | _a15122247 | ||
| 040 | _cGE_BSU | ||
| 041 | _ageo | ||
| 080 | _a821.111-1+821.161.1-1+821.222.1+811.411.21 ა–96 | ||
| 245 |
_aახალი თარგმანები 7 / _cმთ. რედ. გიორგი ლობჟანიძე ; რედ. ანა ჭაბაშვილი. |
||
| 264 |
_aთბილისი : _bდიოგენე, _c2009. |
||
| 300 |
_a212 გვ.; _c24 სმ. |
||
| 490 |
_aლიტერატურული ალმანახი ”ახალი თარგმანები” _v7 |
||
| 541 | _h10ლ. | ||
| 653 | _aახალი თარგმანები | ||
| 700 |
_aლობჟანიძე, გიორგი _eმთ. რედაქტორი _96092 |
||
| 700 |
_aჭაბაშვილი, ანა _eრედაქტორი _9995 |
||
| 942 |
_cBK _2udc |
||